Породы и разведение сельскохозяйственных животных (Запись № 7395512)

Подробности
000 -МАРКЕР
контрольное поле 01737nam0a22003371 4500
001 - ИДЕНТИФИКАТОР ЗАПИСИ
контрольное поле rc\2789751
005 - ИДЕНТИФИКАТОР ВЕРСИИ
контрольное поле 20250529170604.0
035 ## - ДРУГИЕ СИСТЕМНЫЕ НОМЕРА
Идентификатор записи (NLR Aleph) 006915883
100 ## - ДАННЫЕ ОБЩЕЙ ОБРАБОТКИ
Данные общей обработки 20110915d1935 |||y0rusy50 ca
101 0# - ЯЗЫК РЕСУРСА
Язык текста, звукозаписи и т.д. русский
102 ## - СТРАНА ПУБЛИКАЦИИ ИЛИ ПРОИЗВОДСТВА
Страна публикации Российская Федерация
105 ## - ПОЛЕ КОДИРОВАННЫХ ДАННЫХ: ТЕКСТОВЫЕ МАТЕРИАЛЫ, МОНОГРАФИЧЕСКИЕ
Кодированные данные о монографическом текстовом документе a z |||||
200 1# - ЗАГЛАВИЕ И СВЕДЕНИЯ ОБ ОТВЕТСТВЕННОСТИ
Основное заглавие Породы и разведение сельскохозяйственных животных
Сведения, относящиеся к заглавию (Краткий конспект курса)
Первые сведения об ответственности Проф. С. Г. Давыдов, А. И. Краснокутская, М. П. Либизов, П. Р. Лепер
Последующие сведения об ответственности [Предисл.: П. Марьев]
-- Ленингр. высш. ком. с.-х. школа им. С. М. Кирова
210 ## - ПУБЛИКАЦИЯ, РАСПРОСТРАНЕНИЕ И ДР.
Место издания, распространения и т.д. Москва
-- Ленинград
Имя издателя, распространителя и т. д. Ленсельхозгиз по заказу Ленингр. высш. ком. с.-х. школой им. С. М. Кирова
Дата издания, распространения и т.д. 1935
Место изготовления Ленинград
Имя изготовителя тип. "Печатный двор"
215 ## - ФИЗИЧЕСКАЯ ХАРАКТЕРИСТИКА
Специфическое обозначение материала и объем Обл., 146, [2] с.
Другие сведения о физической характеристике схем.
Размеры 20х14 см.
300 ## - ОБЩИЕ ПРИМЕЧАНИЯ
Текст примечания Обл.: М. Смирнова
300 ## - ОБЩИЕ ПРИМЕЧАНИЯ
Текст примечания Перед загл.: проф. С. Г. Давыдов, А. И. Краснокутская, М. П. Либизов и п. Р. Лепер
300 ## - ОБЩИЕ ПРИМЕЧАНИЯ
Текст примечания В продажу не поступает
702 #1 - ИМЯ ЛИЦА - ВТОРИЧНАЯ ОТВЕТСТВЕННОСТЬ
Начальный элемент ввода Либизов
Часть имени, кроме начального элемента ввода М.П.
Код отношения Прочие
702 #1 - ИМЯ ЛИЦА - ВТОРИЧНАЯ ОТВЕТСТВЕННОСТЬ
Начальный элемент ввода Лепер
Часть имени, кроме начального элемента ввода П.Р.
Код отношения Прочие
702 #1 - ИМЯ ЛИЦА - ВТОРИЧНАЯ ОТВЕТСТВЕННОСТЬ
Начальный элемент ввода Давыдов
Часть имени, кроме начального элемента ввода С.Г.
Расширение инициалов личного имени Сергей Георгиевич
Код отношения Прочие
702 #1 - ИМЯ ЛИЦА - ВТОРИЧНАЯ ОТВЕТСТВЕННОСТЬ
Начальный элемент ввода Краснокутская
Часть имени, кроме начального элемента ввода А.И.
Код отношения Прочие
702 #1 - ИМЯ ЛИЦА - ВТОРИЧНАЯ ОТВЕТСТВЕННОСТЬ
Начальный элемент ввода Марьев
Часть имени, кроме начального элемента ввода П.
Код отношения Автор введения, предисловия, примечания и т.п.
712 02 - НАИМЕНОВАНИЕ ОРГАНИЗАЦИИ - ВТОРИЧНАЯ ОТВЕТСТВЕННОСТЬ
Начальный элемент ввода Ленинградская высш. ком. с.-х. школа им. Кирова
801 #0 - ИСТОЧНИК ЗАПИСИ
Страна Российская Федерация
Организация NLR
Правила каталогизации psbo
801 #1 - ИСТОЧНИК ЗАПИСИ
Страна Российская Федерация
Организация ELAR
Источник данных rusmarc
852 ## - МЕСТОНАХОЖДЕНИЕ И ШИФР ХРАНЕНИЯ
Идентификатор организации NLR
Шифр хранения (Call Number) 35-3/244
942 ## - ДОПОЛНИТЕЛЬНЫЕ ЭЛЕМЕНТЫ ЗАПИСИ (АБИС)
Тип экземпляра АБИС Книга
980 ## - КОЛЛЕКЦИЯ
Название коллекции Национальная библиография
Экземпляры
Тип экземпляра Дата поступления Библиотека постоянного хранения Библиотека текущего хранения Место хранения Шифр хранения Штрих-код Статус экземпляра
Книга 26.10.2013 РНБ (Садовая) РНБ (Садовая) Русский книжный фонд -Главное здание, Ленинский читальный зал 35-3/244 6915883-10